000 00528nam a2200169Ia 4500
005 20240808020919.0
008 240331s9999 xx 000 0 und d
020 _a9552034760
082 _bKAR
_a398
100 _aKarunaratne, K.S
245 0 _aOnce upon a time
250 _a2nd
260 _aColombo
_bS. Godage & Brothers
300 _a102 p .,
500 _a"Once Upon a Time" is a collection of folk tales carefully selected and passionately retold for the young and adolescent readers by R.S. Karunaratne.
942 _cL
999 _c2982
_d2982